| 000 | 01400nam a2200301 i 4500 | ||
|---|---|---|---|
| 001 | 151401 | ||
| 003 | ES-MaACL | ||
| 005 | 20240425063224.0 | ||
| 008 | 931025m18711875sp |||| | spa d | ||
| 040 | _cES-MaACL | ||
| 080 | _a321.01(410.1) | ||
| 100 | 1 |
_aCasa de Valencia, Emilio Alcalá Galiano y Valencia, _cConde de, _d1831-1914 _919462 _eaut |
|
| 245 | 1 | 0 |
_aDe la libertad política en Inglaterra desde 1485 hasta 1689 : _blecciones pronunciadas en el Ateneo de Madrid / _cpor el vizconde del Pontón. |
| 260 |
_aMadrid : _b[s.n.], _c1871-1875 _f(Imp. de T. Fortanet) |
||
| 300 |
_a3 volúmenes ; _c19 cm. |
||
| 505 | 8 | _aI. Desde 1481 hasta 1689 (XI, 296 p.) -- II. Desde 1689 hasta 1837 (XII, 460 p.) -- III. En la época presente (XI, 387 p.) | |
| 530 | _aDisponible en formato digital | ||
| 610 | 2 | 4 |
_aAteneo de Madrid- _vConferencias- _yS.XIX. _91910 |
| 650 | 0 |
_9235953 _aLibertad política- _zInglaterra |
|
| 651 | 7 |
_aGran Bretaña- _xHistoria- _9156031 _y1485-1603 (Casa de Tudor) |
|
| 651 | 0 |
_aGran Bretaña- _xHistoria- _9235954 _y1603-1714 (Casa de Estuardo) |
|
| 852 | 4 |
_aES-MaACL _cSVI _jD-4217-19 |
|
| 852 | 4 |
_aES-MaACL _cDEPO2 _eSólo v. 1 _jG-4237 _z |
|
| 856 | 4 |
_uhttp://bdh-rd.bne.es/viewer.vm?id=0000286015&page=1 _yVersión en línea _z(Biblioteca Digital Hispánica) |
|
| 942 |
_cMONANT _n0 |
||
| 999 |
_c151401 _d151401 |
||